| 000 | 01105cam a22003131a 4500 | ||
|---|---|---|---|
| 001 | gs 58000151 | ||
| 003 | DLC | ||
| 005 | 20260227111406.0 | ||
| 008 | 790720s1957 dcuab b f001 0 eng | ||
| 010 | _ags 58000151 | ||
| 035 | _a(OCoLC)5191542 | ||
| 040 |
_aDLC _cNFredU _dDNAL _dDLC |
||
| 043 | _an-us-co | ||
| 050 | 0 | 0 |
_aQE75 _b.B9 no. 1051 |
| 051 |
_aQE92.L3 _bW6 |
||
| 070 | 0 |
_a407 _bG29B no.1051 |
|
| 100 | 1 |
_aWood, Gordon H. _q(Gordon Harry), _d1919- |
|
| 245 | 1 | 0 |
_aGeology and coal resources of the Starkville-Weston area, Las Animas County, Colorado / _cGordon H. Wood, Jr., Ross B. Johnson, and George H. Dixon. |
| 260 |
_aWashington, [D.C.] : _bU.S. G.P.O., _c1957. |
||
| 300 |
_av, 68 p. : _bill., maps (some col.) ; _c24 cm. |
||
| 440 | 0 |
_aGeological Survey bulletin ; _v1051 |
|
| 500 | _aTen folded leaves in pocket. | ||
| 500 | _aBibliography: p. 64-66. | ||
| 500 | _aIncludes index. | ||
| 650 | 0 |
_aGeology _zColorado _zLas Animas County. |
|
| 650 | 0 |
_aCoal _zColorado _zLas Animas County. |
|
| 700 | 1 |
_aJohnson, Ross B., _d1919- |
|
| 700 | 1 |
_aDixon, G. H. _q(George Harvey), _d1925- |
|
| 999 |
_c29239 _d29239 |
||